000 00176 a2200085 4500
245 _aWAITING FOR GODOT
_hText
100 _aSAMUEL BECKETT
650 _aliterature
005 20191021095644.0
084 _aNONE
999 _c12510
_d12510